01396nam a22002292 450000100060000000300080000600500170001400800410003103500510007204000410012304100080016408200200017210000230019224507820021525000120099726000380100930000260104750400200107365000210109365000320111470000200114610114BD-RjUL20211208234908.0140123s1973 xxu||||| |||| 001 0 eng d aOCLC ocm09501131 from D980422Ma(BD-RjUL)10161 aDLCcVALdEQOdBD-RjULdBD-RjULbeng aeng a343.520954bRUL1 aRust, Philip John.10aLaw & practice of hurt & homicide :bbeing a complete, self-contained and explanatory treatise on rioting, dacoity, homicide, murder with an analogous law of foreign countries, assault with intent to kill, hurt and grievous hurt, human loss or injuries through automobile or other accidents, excusable or justifiable homicide, indictment or information, presumption or burden of proof, admissibility in general, dying declaration, confessions, proceedings at inquest, weight and sufficiency, conduct of trials, questions for court or jury, instructions and general aspects, verdict, new trials, sentence and punishment, private defence, extradition, post mortem connecting legal problems and medical practices, and latest develoments in the methods of investigation, etc., etc. a4d ed., aAllahabad :bLaw Book Co.,c1958. axxi, 760 p. ;c26 cm. aIncludes index. 0aHomicidezIndia. 0aAssault and batteryzIndia.1 aVenkoba Rao, K.